| 000 | 01042nam a2200265Ii 4500 | ||
|---|---|---|---|
| 008 | 221202s xx 000 0 und d | ||
| 245 | 0 | _aGlobal Water Issues and Insights | |
| 264 |
_bANU Press _c2014 |
||
| 300 | _a1 online resource | ||
| 336 |
_atext _btxt _2rdacontent |
||
| 337 |
_acomputer _bc _2rdamedia |
||
| 338 |
_aonline resource _bcr _2rdacarrier |
||
| 520 | _aThis book brings together some of the world's leading water researchers with an especially written collection of chapters on: water economics; transboundary water; water and development; water and energy; and water concepts. | ||
| 653 | _aAquifer | ||
| 653 | _aDevelopment | ||
| 653 | _aEconomics | ||
| 653 | _aTransboundary | ||
| 653 | _aWater | ||
| 700 | 1 | _aAllendes, David | |
| 700 | 1 | _aR. Grafton, Quentin | |
| 700 | 1 | _aWhite, Chris | |
| 700 | 1 | _aWyrwoll, Paul | |
| 856 |
_uhttps://docs.google.com/spreadsheets/d/1yKIrdCPDAG_9c22mwoOIO2DOhtj65Wqa/edit?usp=sharing&ouid=106555315294820607512&rtpof=true&sd=true _yList of Curated E-Books |
||
| 942 | _cE-BOOK | ||
| 999 |
_c93867 _d93864 |
||